Statistiken für Weltfußballerinnen des Jahres

Klicken Sie hier um das Quiz zu spielen!

Allgemein

  • Dieses Quiz wurde 43 mal gespielt
  • Das Durchschnittsergebnis liegt bei 10 aus 22

Antwortstatistiken

HintLandSpielerin% Korrekt
2007BRAMarta
95%
2006BRAMarta
95%
2008BRAMarta
95%
2009BRAMarta
95%
2010BRAMarta
95%
2018BRAMarta
92%
2003GERBirgit Prinz
51%
2004GERBirgit Prinz
51%
2005GERBirgit Prinz
51%
2022ESPAlexia Putellas
49%
2021ESPAlexia Putellas
49%
2019USAMegan Rapinoe
36%
2013GERNadine Angerer
31%
2014GERNadine Keßler
23%
2020ENGLucy Bronze
21%
2001USAMia Hamm
21%
2002USAMia Hamm
21%
2012USAAbby Wambach
18%
2017NEDLieke Martens
15%
2011JPNHomare Sawa
10%
2016USACarli Loyd
8%
2015USACarli Loyd
8%

Verteilung der Resultate

Perzentil nach korrekt beantworteten Fragen

Anzahl Personen mit jedem Resultat

Ihre Resultats-Entwicklung

Sie haben dieses Quiz noch nicht gespielt